| 000 | 00553nam a2200205 i 4500 | ||
|---|---|---|---|
| 001 | bg | ||
| 100 | 1 | _aZURADA, Jacek M. | |
| 245 | 1 | 0 |
_aIntroduction to artificial neural systems / _cJacek M. Zurada. |
| 260 |
_aSt. Paul [i in.] : _bWest Publ. Comp., _c1992. |
||
| 300 |
_aXXIV, 683, 57, 119 s. : _brys., wykr. ; _c24 cm. |
||
| 504 | _aIndeks. | ||
| 650 | 9 | _aSieci neuronowe | |
| 020 | _a0314933913 | ||
| 040 | _cBPK | ||
| 041 | 0 | _aen | |
| 080 | _a681.324 | ||
| 920 | _a0-314-93391-3 | ||
| 942 | _cKS | ||
| 008 | s pl f |000 0 pol | ||
| 999 |
_c30200 _d30200 |
||
| 856 |
_uhttp://koha.tu.koszalin.pl/cgi-bin/koha/opac-detail.pl?biblionumber=30200 _yKatalog online BPK |
||